| 000 | 00407nam a22001697a 4500 | ||
|---|---|---|---|
| 003 | SGT | ||
| 020 | _a9788131267431 | ||
| 082 |
_a615.1 _bM24S |
||
| 100 | _aSKIDMORE-ROTH, LINDA | ||
| 245 | _aMUSBY'S 2024 NURSING DURG REFERANCE | ||
| 250 | _a7TH | ||
| 260 |
_aINDIA _bELSEVIER PUB _c2024 |
||
| 300 | _a1501 | ||
| 650 | _aDRUG BOOK | ||
| 653 | _aMUSBY'S 2024 NURSING DURG REFERANCE | ||
| 942 |
_2ddc _cBK |
||
| 999 |
_c27549 _d27549 |
||